000 00245nmm a2200085Ia 4500
008 220120s9999||||xx |||||||||||||||||und||
100 _aCHIP magazine
245 0 _aApril 2011 : Portable application pack, redhat, linux distri
260 _aInfomedia18
999 _c139674
_d139674